Statistics for Eurovision 2020 countries that don't participate

Click here to take the quiz!

General Stats

  • This quiz has been taken 104 times
  • The average score is 10 of 11

Answer Stats

Last participationAnswer% Correct
1993Luxembourg
98%
2005Serbia and Montenegro
97%
2009Andorra
95%
2006Monaco
92%
2016Bosnia & Herzegovina
91%
2012Slovakia
90%
1980Morocco
88%
1992Yugoslavia
87%
2019Hungary
85%
2012Turkey
84%
2019Montenegro
81%

Score Distribution

Percentile by Number Answered

Percent of People with Each Score

Your Score History

You have not taken this quiz